Political management in Australia: the case of the Northern territory (Record no. 33004)

000 -LEADER
fixed length control field 01249pab a2200157 454500
008 - FIXED-LENGTH DATA ELEMENTS--GENERAL INFORMATION
fixed length control field 180718b1996 xxu||||| |||| 00| 0 eng d
100 ## - MAIN ENTRY--PERSONAL NAME
Personal name Heatley, Alistair
245 ## - TITLE STATEMENT
Title Political management in Australia: the case of the Northern territory
260 ## - PUBLICATION, DISTRIBUTION, ETC.
Date of publication, distribution, etc. 1996
300 ## - PHYSICAL DESCRIPTION
Extent p.54-64
362 ## - DATES OF PUBLICATION AND/OR SEQUENTIAL DESIGNATION
Dates of publication and/or sequential designation Jun
520 ## - SUMMARY, ETC.
Summary, etc. This article reviews the evolution of administrative arrangements in the Northern Territory since the 1970s, covering both the devolutionary phase and, with somewhat more emphasis, the self-government period since 1978. The article centres on the theme of political management which, as in the recent works, has become a major focus in the study of Australian administrative reform. Political management involves a `modernising reform agenda ... internal in orientation and concerned mainly with making the organizational and human resources of the executive branch more responsive to the priorities of superordinates' (Halligan and Power 1992: 249). Particular attention here is given to the evolving pattern of relationships between the political and bureaucratic arms of the Northern Territory executive. - Reproduced
650 ## - SUBJECT ADDED ENTRY--TOPICAL TERM
Topical term or geographic name entry element Administrative reform
773 ## - HOST ITEM ENTRY
Main entry heading Australian Journal of Public Administration
909 ## -
-- 33004
Holdings
Withdrawn status Lost status Damaged status Not for loan Permanent Location Current Location Date acquired Serial Enumeration / chronology Barcode Date last seen Price effective from Koha item type
        Indian Institute of Public Administration Indian Institute of Public Administration 2018-07-19 Volume no: 55, Issue no: 2 AR33221 2018-07-19 2018-07-19 Articles

Powered by Koha